|
|
|
|
| LEADER |
00000nam2a2200000 4500 |
| 001 |
303561 |
| 005 |
20231102001621.0 |
| 020 |
|
|
|a RU
|b 83-31495
|
| 035 |
|
|
|a (RuTPU)RU\TPU\book\328784
|
| 035 |
|
|
|a RU\TPU\book\317210
|
| 090 |
|
|
|a 303561
|
| 100 |
|
|
|a 20150903d1983 m y0rusy5003 ca
|
| 101 |
0 |
|
|a rus
|
| 102 |
|
|
|a RU
|
| 105 |
|
|
|a a j 001zy
|
| 200 |
0 |
|
|a Ч. 2 : Строительство горизонтальных и наклонных выработок
|
| 210 |
|
|
|d 1983
|
| 215 |
|
|
|a 272 с.
|c ил.
|
| 320 |
|
|
|a Библиогр.: с. 270
|
| 461 |
|
1 |
|0 (RuTPU)RU\TPU\book\314726
|t Технология строительства подземных сооружений
|o учебник для вузов
|o в 3 ч.
|f И. Д. Насонов, В. А. Федюкин, М. Н. Шуплик
|g под общ. ред. И. Д. Насонова
|v Ч. 2 : Строительство горизонтальных и наклонных выработок
|d 1983
|
| 606 |
1 |
|
|a Горные выработки
|x Строительство
|2 stltpush
|3 (RuTPU)RU\TPU\subj\7750
|9 35304
|
| 606 |
1 |
|
|a Подземное строительство
|2 stltpush
|3 (RuTPU)RU\TPU\subj\49623
|9 68408
|
| 610 |
1 |
|
|a шахтные стволы
|
| 610 |
1 |
|
|a проходка
|
| 610 |
1 |
|
|a учебники
|
| 610 |
1 |
|
|a щитовый способ
|
| 610 |
1 |
|
|a открытый способ
|
| 610 |
1 |
|
|a буровзрывные работы
|
| 610 |
1 |
|
|a шпуры
|
| 610 |
1 |
|
|a бурение
|
| 610 |
1 |
|
|a заряжение
|
| 610 |
1 |
|
|a порода
|
| 610 |
1 |
|
|a погрузка
|
| 610 |
1 |
|
|a транспорт
|
| 610 |
1 |
|
|a вспомогательные работы
|
| 610 |
1 |
|
|a горная крепь
|
| 610 |
1 |
|
|a строительные машины
|
| 610 |
1 |
|
|a тоннели
|
| 675 |
|
|
|a 622.26(075.8)
|z rus
|v 3
|
| 675 |
|
|
|a 624.1(075.8)
|z rus
|v 3
|
| 801 |
|
0 |
|a RU
|b RuMRKP
|c 19950704
|g psbo
|
| 801 |
|
1 |
|a RU
|b 63413507
|c 20150423
|
| 801 |
|
2 |
|a RU
|b 63413507
|c 20190624
|g RCR
|
| 942 |
|
|
|c BK
|